| 000 | 00379 a2200145 4500 | ||
|---|---|---|---|
| 005 | 20250524093021.0 | ||
| 020 | _a948-1-009-15426-0 | ||
| 082 | _a343.07 | ||
| 100 | _aBARKOCZY, S. | ||
| 245 | _aCore Tax Legislation and Study Guide | ||
| 250 | _a25th Ed. | ||
| 260 |
_aUnited Kingdom, _bCambridge University Press, _c2022 |
||
| 300 |
_aix,1373p.; _bill.; _c24cm. |
||
| 942 |
_2ddc _cBKS |
||
| 999 |
_c2603 _d2603 |
||